Welcome to the Holygrace Academy Library

Please use search bar below to get started

THE BADLANDS (Record no. 2965)

MARC details
000 -LEADER
fixed length control field 00265nam a22001217a 4500
082 ## - DEWEY DECIMAL CLASSIFICATION NUMBER
Classification number 030
Item number CLA/B
100 ## - MAIN ENTRY--AUTHOR NAME
Personal name CLARK CHAMP
245 ## - TITLE STATEMENT
Title THE BADLANDS
260 ## - PUBLICATION, DISTRIBUTION, ETC. (IMPRINT)
Place of publication ALEXANDRIA
Name of publisher TIME LIFE BOKS
300 ## - PHYSICAL DESCRIPTION
Number of Pages 184
650 ## - SUBJECT ADDED ENTRY--TOPICAL TERM
Topical Term GENERAL KNOWLEDGE
Geographic subdivision ALEXANDRIA
942 ## - ADDED ENTRY ELEMENTS (KOHA)
Koha item type Books
Holdings
Withdrawn status Lost status Collection code Home library Current library Shelving location Date acquired Source of acquisition Full call number Accession Number Koha item type
    Reference Main Library Main Library   20/05/2004 PURCHASE 030 CLA/B 01396 Books